000 00229nam a22001217a 4500
040 _cSY
082 _a634
100 _aL.PANCEL
245 _aTropical forestry handbook
260 _aNA
_bPAN
_cNA
300 _a162p.
942 _cEK
999 _c8964
_d8964